000 00901nam a2200241Ia 4500
999 _c42469
_d42469
001 9165
003 GE_BSU
005 20240607163355.0
008 181216s2002||||ru |||||||||||||| ||rus||
020 _a5942770123
040 _cGE_BSU
041 _arus
080 _a615.83(035) П-56
100 _aПономаренко, Г. Н.
_922368
245 _aФизические методы лечения :
_bСправочник по физиотерапии для врачей /
_cГ.Н. Пономаренко.
250 _aИзд-е 2-е перераб.
264 _aСанкт-Ретербург :
_b?,
_c2002.
300 _a299 стр. ;
_c21 см.
500 _aПриложение указатель стр. : 288-294
653 _aСправочник по физиотерапии для врачей
653 _aФизические методы лечения
942 _cBK
_2udc